Die treuesten Spieler der Fußball-Bundesliga - Statistiken

Allgemein
  • Dieses Quiz wurde 95 mal gespielt
    31 seit der letzten Aktualisierung
  • Das Durchschnittsergebnis liegt bei 11 aus 32
Antwortstatistiken
im Verein seit Verein Spieler % Korrekt
01.07.2015 1. FC Heidenheim Kevin Müller
100%
01.07.2009 FC Bayern München Thomas Müller
100%
01.07.2011 FC Bayern München Manuel Neuer
82%
01.07.2012 SC Freiburg Christian Günter
75%
01.01.2012 VfL Wolfsburg Maximilian Arnold
68%
02.07.2015 FC Bayern München Joshua Kimmich
54%
04.07.2013 RB Leipzig Yussuf Poulsen
54%
01.07.2016 TSG 1899 Hoffenheim Andrej Kramaric
50%
16.07.2015 Bayer 04 Leverkusen Jonathan Tah
50%
01.07.2014 TSG 1899 Hoffenheim Oliver Baumann
50%
01.07.2015 RB Leipzig Willi Orban
43%
01.07.2014 1. FC Union Berlin Christopher Trimmel
39%
01.07.2015 RB Leipzig Peter Gulacsi
39%
01.07.2010 1. FSV Mainz 05 Stefan Bell
36%
01.07.2010 SC Freiburg Nicolas Höfler
32%
01.07.2014 1. FSV Mainz 05 Robin Zentner
32%
01.07.2014 Eintracht Frankfurt Timothy Chandler
29%
01.07.2014 VfL Bochum Anthony Losilla
25%
22.08.2014 RB Leipzig Lukas Klostermann
21%
01.07.2015 Borussia Mönchengladbach Nico Elvedi
18%
01.07.2012 Bayer 04 Leverkusen Niklas Lomb
14%
09.01.2016 FC Augsburg Jeffrey Gouweleeuw
11%
01.07.2013 TSG 1899 Hoffenheim Kevin Akpoguma
11%
01.07.2016 SC Freiburg Manuel Gulde
11%
27.01.2015 SV Werder Bremen Michael Zetterer
11%
01.02.2016 SV Werder Bremen Milos Veljkovic
11%
01.07.2015 TSG 1899 Hoffenheim Pavel Kaderabek
11%
01.07.2016 VfL Wolfsburg Yannick Gerhardt
11%
01.07.2016 TSG 1899 Hoffenheim Dennis Geiger
7%
01.07.2015 SC Freiburg Lukas Kübler
7%
01.07.2015 Borussia Mönchengladbach Tobias Sippel
7%
01.07.2015 1. FC Heidenheim Norman Theuerkauf
4%
Keine übereinstimmenden Quizze gefunden
Verteilung der Resultate
Anzahl Personen mit jedem Resultat
Perzentil nach korrekt beantworteten Fragen
Ihre Resultats-Entwicklung
Sie haben dieses Quiz seit der letzten Aktualisierung nicht gespielt